000 00292nam a22001337a 4500
008 170529b xxu||||| |||| 00| 0 eng d
020 _a3540113983
041 _ager
080 _262
_a62
100 _a27
101 _aIM
245 _aSPATIAL KINEMATIC CHAINS
_cANGELES,J
942 _2udc
_cBK
999 _c14833
_d14833